Vida y trabajo ó caracteres propios de los hombres según su laboriosidad, cultura y genio / (Record no. 172960)

MARC details
000 -LEADER
campo de control de longitud fija 00752nam a2200193 i 4500
001 - NÚMERO DE CONTROL
campo de control 172960
003 - IDENTIFICADOR DE NÚMERO DE CONTROL
campo de control ES-MaACL
005 - FECHA Y HORA DE LA ÚLTIMA TRANSACCIÓN
campo de control 20250907063129.0
008 - DATOS DE LONGITUD FIJA--INFORMACIÓN GENERAL
campo de control de longitud fija 090921s1901 fr |||| | spa d
080 ## - NÚMERO DE LA CLASIFICACIÓN DECIMAL UNIVERSAL
Número de la Clasificación Decimal Universal 331.44
100 1# - ENTRADA PRINCIPAL--NOMBRE DE PERSONA
Nombre de persona Smiles, Samuel,
Fechas asociadas al nombre 1812-1904
9 (RLIN) 106833
245 10 - MENCIÓN DEL TÍTULO
Título Vida y trabajo ó caracteres propios de los hombres según su laboriosidad, cultura y genio /
Mención de responsabilidad, etc. por Samuel Smiles ; traducción directa del inglés, con autorización del autor por Miguel de Toro y Gómez.
260 ## - PUBLICACIÓN, DISTRIBUCIÓN, ETC.
Lugar de publicación, distribución, etc. Paris :
Nombre del editor, distribuidor, etc. Garnier Hermanos,
Fecha de publicación, distribución, etc. 1901.
300 ## - DESCRIPCIÓN FÍSICA
Extensión 552 p. ;
Dimensiones 18 cm.
650 14 - PUNTO DE ACCESO ADICIONAL DE MATERIA--TÉRMINO DE MATERIA
Término de materia o nombre geográfico como elemento de entrada Trabajo-
Subdivisión general Aspectos psicológicos
9 (RLIN) 17591
700 1# - ENTRADA AGREGADA--NOMBRE PERSONAL
Nombre de persona Toro y Gómez, Miguel de.
9 (RLIN) 110692
852 ## - LOCALIZACIÓN
Ubicación ES-MaACL
Número de control de estantería F-11163
itemnumber R.145208
Holdings
Estatus retirado Estado de pérdida Estado de daño No para préstamo Biblioteca de origen Biblioteca actual Ubicación en estantería Fecha de adquisición Fuente de adquisición Total de préstamos Signatura topográfica completa Código de barras Visto por última vez Precio de reemplazo Tipo de ítem Koha
        Biblioteca del Ateneo de Madrid Biblioteca del Ateneo de Madrid Sala Pecera Planta 2 21/09/2009     F-11163 1181488 23/02/2023 23/02/2023 Libro impreso antiguo